000
00325nam a2200133Ia 4500
100
_a
Jordon/E.C/ Balmain/K.G
942
_c
BK
654
_a
electromagnetic
245
_a
Electromagnetic waves and radiating system
260
_b
prentice hall
_a
New Delhi
_c
1987
082
_a
530.14
_b
JOR
300
_a
753
546
_a
ENGLISH
999
_c
31452
_d
31452